| 000 | 01040nam a2200241 a 4500 | ||
|---|---|---|---|
| 001 | 47770 | ||
| 003 | BD-RjUL | ||
| 005 | 20211209054405.0 | ||
| 008 | 160810s2000 bg a|||| b||| 00| 0 ben d | ||
| 020 |
_c: TK 100.00 _a8176126063 |
||
| 035 | _a(BD-RjUL)47889 | ||
| 040 |
_aBD-RjUL _bben _cBD-RjUL _dBD-RjUL |
||
| 041 | _aben | ||
| 082 |
_223 _a891.4414 _bCHP 2000 |
||
| 100 |
_aচৌধুরী, সাফুদ্দীন _9127868 |
||
| 245 | 1 | 0 |
_aপতিসরে রবীন্দ্রনাথ / _c সাফুদ্দীন চৌধুরী ; ভূমিকা মযহারুল ইসলাম |
| 260 |
_aকলকাতা : _bদে'জ পাবলিশিং, _c২০০০ |
||
| 300 |
_axxi, ১৯১ পৃ. ; _c২১ সেমি. |
||
| 600 |
_aTagore, Robindronath, _d1861-1941 _9145081 |
||
| 600 |
_cঠাকুর, রবীন্দ্রনাথ, _d১৮৬১-১৯৪১ _9145082 |
||
| 700 |
_a ইসলাম, মযহারুল, ভূমিকা _9127821 |
||
| 942 |
_2ddc _cBK |
||
| 999 |
_c47770 _d47770 |
||